Secret war: the story of international espionage since 145 (Record no. 363795)

000 -LEADER
fixed length control field 00410cam a22001457a 4500
008 - FIXED-LENGTH DATA ELEMENTS--GENERAL INFORMATION
fixed length control field 180718b1962 xxu||||| |||| 00| 0 eng d
082 ## - DEWEY DECIMAL CLASSIFICATION NUMBER
Classification number N21 D364
100 ## - MAIN ENTRY--PERSONAL NAME
Personal name De Gramont, Sanche
245 ## - TITLE STATEMENT
Title Secret war: the story of international espionage since 145
Statement of responsibility, etc. by Sanche De Gramont
260 ## - PUBLICATION, DISTRIBUTION, ETC.
Place of publication, distribution, etc. London
Name of publisher, distributor, etc. Andre Deutsch
Date of publication, distribution, etc. 1962
300 ## - PHYSICAL DESCRIPTION
Extent 515p.
500 ## - GENERAL NOTE
General note 30/-
650 ## - SUBJECT ADDED ENTRY--TOPICAL TERM
Topical term or geographic name entry element Espionage
650 ## - SUBJECT ADDED ENTRY--TOPICAL TERM
Topical term or geographic name entry element Secret Service
Holdings
Withdrawn status Lost status Damaged status Not for loan Permanent Location Current Location Date acquired Full call number Barcode Date last seen Price effective from Koha item type
        Indian Institute of Public Administration Indian Institute of Public Administration 1994-04-05 N21 D364 31529 2018-07-21 2018-07-21 Book

Powered by Koha